| 000 | 00716nam a2200217Ia 4500 | ||
|---|---|---|---|
| 005 | 20260601193223.0 | ||
| 008 | 260601s9999||||xx |||||||||||||| ||und|| | ||
| 020 |
_a978-3-031-50192-0 _qebk |
||
| 100 | _aSujeet K. Sharma | ||
| 245 | 0 | _aTransfer, Diffusion and Adoption of Next-Generation Digital Technologies | |
| 250 | _a2024 | ||
| 260 |
_aHeidelberg, Germany _bSpringer Nature _c2024 |
||
| 440 | _aIFIP Advances in Information and Communication Technology | ||
| 650 | _aComputer Science | ||
| 700 | _aAmany Elbanna | ||
| 700 | _aBanita Lal | ||
| 700 | _aBhimaraya Metri | ||
| 700 | _aYogesh K. Dwivedi | ||
| 856 | _uhttps://link.springer.com/openurl?genre=book&isbn=978-3-031-50192-0 | ||
| 942 |
_cEB _2ddc |
||
| 999 |
_c55874 _d55874 |
||